| 000 | 00397nam a2200157 i 4500 | ||
|---|---|---|---|
| 001 | 78347 | ||
| 003 | ES-MaACL | ||
| 005 | 20230906173650.0 | ||
| 007 | t| | ||
| 008 | 041013s1907 xxk ||||1| eng d | ||
| 100 | 1 |
_aHardy, Thomas. _961838 |
|
| 245 | 1 | 0 |
_aWessex tales / _cThomas Hardy. |
| 260 |
_aLondon : _bMacmillan and CÂș, _c1907. |
||
| 300 |
_a290 p. ; _c18 cm. |
||
| 852 |
_aES-MaACL _jD-2413 |
||
| 999 |
_c78347 _d78347 |
||